Statistics for Fast Typing Countries A-Z In Every Continent

Click here to take the quiz!

General Stats

  • This quiz has been taken 1,182 times
    (689 since last reset)
  • The average score is 54 of 84

Answer Stats

Continent?Country% Correct
EuropeAAustria, Albania and Andorra
98%
BBelgium, Belarus and 2 more
98%
FFrance and Finland
94%
DDenmark
93%
IItaly, Ireland and Iceland
90%
LLatvia, Lithuania and 2 more
90%
MMoldova, Monaco and 3 more
90%
GGermany and Greece
89%
SSpain, Sweden and 5 more
89%
RRussia and Romania
88%
EEstonia
87%
CCroatia and Czech Republic
86%
HHungary
86%
PPoland and Portugal
85%
BBangladesh, Bhutan and 2 more
82%
CChina, Cyprus and Cambodia
82%
JJapan and Jordan
80%
AsiaAArmenia, Afghanistan and Azerbaijan
79%
IIndia, Iran and 3 more
79%
KKosovo
79%
QQatar
78%
UUK and Ukraine
78%
OOman
77%
YYemen
76%
MMalaysia, Mongolia and 2 more
75%
NNorway and Netherlands
75%
VVatican City
75%
AfricaAAlgeria and Angola
74%
LLaos and Lebanon
74%
TTurkey, Taiwan and 4 more
73%
CChad, Cameroon and 4 more
72%
SSingapore, Syria and 3 more
72%
KKuwait, Kazakhstan and Kyrgyzstan
71%
BBenin, Botswana and 2 more
70%
EEgypt, Ethiopia and 2 more
70%
PPakistan and Philippines
70%
NNepal and North Korea
69%
MMali, Morocco and 5 more
68%
DDjibouti and DRC
67%
GGabon, Ghana and 3 more
67%
RRwanda and R. Congo
67%
SSudan, Senegal and 7 more
67%
UUAE and Uzbekistan
67%
ZZambia and Zimbabwe
67%
CCanada, Cuba and Costa Rica
65%
NNiger, Nigeria and Namibia
65%
TTanzania, Togo and Tunisia
64%
VVietnam
64%
BBahamas, Belize and Barbados
63%
KKenya
62%
LLibya, Liberia and Lesotho
62%
UUganda
62%
North AmericaAAntigua and Barbuda
60%
GGeorgia
58%
HHaiti and Honduras
58%
EEast Timor
57%
JJamaica
57%
DDominica and Dominican Republic
56%
GGuatemala and Grenada
56%
South AmericaAArgentina
51%
BBrazil and Bolivia
51%
EEl Salvador
51%
CChile and Colombia
49%
EEcuador
47%
MMexico
47%
PPanama
47%
NNicaragua
46%
UUnited States
46%
PParaguay and Peru
44%
SSt Kitts, St Lucia and St Vincent
44%
GGuyana
43%
TTrinidad and Tobago
41%
UUruguay
41%
FFiji and F. S. of Micronesia
40%
VVenezuela
40%
OceaniaAAustralia
39%
SSuriname
39%
KKiribati
37%
NNauru and New Zealand
36%
PPalau and Papua New Guinea
34%
MMarshall Islands
33%
TTonga and Tuvalu
33%
SSamoa and Solomon Islands
32%
VVanuatu
32%

Score Distribution

Percentile by Number Answered

Percent of People with Each Score

Your Score History

You have not taken this quiz since the last reset